| 000 | 00432nam a2200181Ia 4500 | ||
|---|---|---|---|
| 005 | 20250423095523.0 | ||
| 008 | 250422s9999 xx 000 0 und d | ||
| 020 | _a0-07-000786-1 | ||
| 050 | _aHE7631.S56 | ||
| 100 | _aThomas J. Housel | ||
| 245 | 0 | _aGlobal telecommunications revolution | |
| 260 | _aBoston | ||
| 260 | _bMcGraw-Hill | ||
| 260 | _c2001 | ||
| 300 | _a292 p | ||
| 650 | _aBusiness Communication | ||
| 942 | _cBK | ||
| 999 |
_c30526 _d30526 |
||